Statistics for British Actresses Quiz

Click here to take the quiz!

General Stats

  • This quiz has been taken 31 times
  • The average score is 18 of 58

Answer Stats

Movies or TV ShowActress% Correct
Titanic | The ReaderKate Winslet
93%
Cleopatra | GiantElizabeth Taylor
89%
The Sound of Music | Marry PoppinsJulie Andrews
78%
Queen | Prime SuspectHelen Mirren
78%
Roman Holiday | My Fair LadyAudrey Hepburn
78%
Skyfall | Victoria & AbdulJudi Dench
78%
Pride and Prejudice | Anna KareninaKeira Knightley
70%
The Mask of Zorro | ChicagoCatherine
Zeta-Jones
70%
Downton Abbey | Sister ActMaggie Smith
67%
Gone with the Wind |
A Streetcar Named Desire
Vivien Leigh
67%
The Remains of the Day |
Sense and Sensibility
Emma Thompson
63%
Harry Potter | Beauty and the BeastEmma Watson
63%
Sicario | A Quiet PlaceEmily Blunt
59%
Fight Club | Sweeney ToddHelena
Bonham Carter
56%
The Favourite | The CrownOlivia Colman
48%
Mamma Mia! | Educating RitaJulie Walters
48%
The Mummy |
The Constant Gardener
Rachel Weisz
44%
Murder, She Wrote | GaslightAngela Lansbury
41%
The English Patient |
Four Weddings and a Funeral
Kristin
Scott Thomas
37%
Doctor Zhivago | DarlingJulie Christie
33%
Game of Thrones | Me Before YouEmilia Clarke
33%
Woman in Love | A Touch of ClassGlenda Jackson
30%
Emily in Paris | Mirror MirrorLily Collins
30%
The Ring | King KongNaomi Watts
30%
Driving Miss Daisy | The BirdsJessica Tandy
30%
Absolutely Fabulous |
The New Avengers
Joanna Lumley
30%
Underworld | Pearl HarborKate Beckinsale
26%
The Avengers (TV programme) |
Mother Love
Diana Rigg
26%
Doctor Strange |
We Need to Talk About Kevin
Tilda Swinton
26%
Gone Girl | Jack ReacherRosamund Pike
22%
Secrets & Lies | VeraBrenda Blethyn
22%
Westworld | CrashThandie Newton
19%
Doctor Who | BroadchurchJodie Whittaker
19%
Game of Thrones | 300Lena Headey
19%
Stranger Things | Enola HolmesMillie Bobby Brown
15%
Cinderella | Rebecca (2020)Lily James
15%
An Affair to Remember |
The King and I
Deborah Kerr
15%
An Education | The Great GatsbyCarey Mulligan
11%
The Night Porter | 45 YearsCharlotte Rampling
11%
Hansel and Gretel: Witch Hunters |
Quantum of Solace
Gemma Arterton
11%
The Crown | First ManClaire Foy
11%
Vera Drake | Downton Abbey (2019)Imelda Staunton
7%
Minority Report | In AmericaSamantha Morton
7%
Pieces of a Woman | Hobbs & ShawVanessa Kirby
7%
Letters to Juliet | Call the MidwifeVanessa Redgrave
7%
Midsommar | Black WidowFlorence Pugh
7%
The Last Jedi | The Force AwakensDaisy Ridley
7%
The Queen's Gambit | SplitAnya Taylor-Joy
4%
The Shape of Water | PaddingtonSally Hawkins
4%
A Passage to India |
The Jewel in the Crown
Peggy Ashcroft
4%
The Whisperers | The Chalk GardenEdith Evans
4%
Skyfall | MoonlightNaomie Harris
4%
Harriet | WidowsCynthia Erivo
4%
Sleepy Hollow | The Crying GameMiranda Richardson
4%
Albert Nobbs | OzarksJanet McTeer
4%
The Age of Innocence |
Chamber of Secrets
Miriam Margolyes
0%
The Bookshop |
Marry Poppins Returns
Emily Mortimer
0%
Downton Abbey | The GentlemenMichelle Dockery
0%

Score Distribution

Percentile by Number Answered

Percent of People with Each Score

Your Score History

You have not taken this quiz